000 00699nam a22002177a 4500
003 UA-OsUOA
001 67754
007 ta
008 20100310b un ||||| |||| 00| 0 ukr d
090 _a343.2/7
_bП78
942 _cBK
040 _aUA-OsUOA
_brus
_cUA-OsUOA
_dUA-OsUOA
245 _aТруды Академии МВД Российской Федерации
_bПроблемы обеспечения личной безопасности граждан
_cКолодкин Л. М.
300 _a172 с.
955 _a2
041 _arus
080 _a343.2/7
260 _aМ.
_c1995
650 7 _a343 Кримінальне право. Карні порушення
_2UDC
999 _c353877
_d353877